000 00211nam a2200085Ia 4500
008 120527s9999 xx 000 0 und d
100 _aBradley, Joseph
245 _aAdministrative financial management
942 _cBK
999 _c27091
_d27091